| 000 | 00345 a2200145 4500 | ||
|---|---|---|---|
| 001 | 92150 | ||
| 082 | _a519 LIP | ||
| 090 |
_c44111 _d44110 |
||
| 100 | _aSeymour Lipschutz | ||
| 245 | _aTheory and Problems of Probability | ||
| 250 | _aSI(Metric) Edition | ||
| 260 |
_aUSA _bMcGraw Hill _c1981 |
||
| 300 |
_a153p. _bPb |
||
| 500 | _aGeneral Book | ||
| 942 |
_aCAE NUST _k519 LIP |
||
| 999 |
_c327223 _d327223 |
||